000 00396nam a2200145Ia 4500
041 _aArabic
082 _a348 cut-898 خ
100 _a20260118u\\\\\\\\\\\y0engy0103\\\\ba
100 _aد.احمد خليل
245 0 _aالتنفيذ الجبري
250 _aط1
260 _bمنشورات الحلبي الحقوقية
_aبيروت - لبنان
_c2006
300 _a624
942 _cBk
999 _c189070
_d189070